<?xml version="1.0" encoding="UTF-8"?>
<record
    xmlns:xsi="http://www.w3.org/2001/XMLSchema-instance"
    xsi:schemaLocation="http://www.loc.gov/MARC21/slim http://www.loc.gov/standards/marcxml/schema/MARC21slim.xsd"
    xmlns="http://www.loc.gov/MARC21/slim">

  <leader>01331nam a22002657a 4500</leader>
  <controlfield tag="005">20140508155357.0</controlfield>
  <controlfield tag="008">081021t        xxu||||| |||| 00| 0mar d</controlfield>
  <datafield tag="010" ind1=" " ind2=" ">
    <subfield code="a">MAR-19920</subfield>
  </datafield>
  <datafield tag="020" ind1=" " ind2=" ">
    <subfield code="c">150.00</subfield>
    <subfield code="a">9788177668834</subfield>
  </datafield>
  <datafield tag="035" ind1=" " ind2=" ">
    <subfield code="a">MR-12578</subfield>
  </datafield>
  <datafield tag="037" ind1=" " ind2=" ">
    <subfield code="b">DBAD / PUB</subfield>
  </datafield>
  <datafield tag="040" ind1=" " ind2=" ">
    <subfield code="a">DPL</subfield>
    <subfield code="b">MR</subfield>
  </datafield>
  <datafield tag="082" ind1=" " ind2=" ">
    <subfield code="a">823</subfield>
  </datafield>
  <datafield tag="100" ind1=" " ind2=" ">
    <subfield code="a">&#x92B;&#x94D;&#x932;&#x947;&#x92E;&#x93F;&#x902;&#x917;, &#x907;&#x92F;&#x93E;&#x928; </subfield>
  </datafield>
  <datafield tag="245" ind1=" " ind2=" ">
    <subfield code="a">&#x921;&#x93E;&#x92F;&#x92E;&#x902;&#x921;&#x94D;&#x938; &#x906;&#x930; &#x92B;&#x949;&#x930;&#x90F;&#x935;&#x94D;&#x939;&#x930;   /</subfield>
    <subfield code="c">&#x907;&#x92F;&#x93E;&#x928; &#x92B;&#x94D;&#x932;&#x94B;&#x92E;&#x93F;&#x902;&#x917; &#x924;&#x925;&#x93E; &#x905;&#x936;&#x94B;&#x915; &#x92A;&#x93E;&#x925;&#x930;&#x915;&#x930;  &#x926;&#x94D;&#x935;&#x93E;&#x930;&#x93E; &#x905;&#x928;&#x941;&#x926;&#x93F;&#x924; </subfield>
  </datafield>
  <datafield tag="246" ind1=" " ind2=" ">
    <subfield code="a">Diamonds are Forever </subfield>
    <subfield code="b">by Ian Fleming  </subfield>
  </datafield>
  <datafield tag="260" ind1=" " ind2=" ">
    <subfield code="a">&#x92A;&#x941;&#x923;&#x947;</subfield>
    <subfield code="b">&#x92E;&#x947;&#x939;&#x924;&#x93E; &#x92A;&#x92C;&#x94D;&#x932;&#x93F;&#x936;&#x93F;&#x902;&#x917; &#x939;&#x93E;&#x90A;&#x938; </subfield>
    <subfield code="c">2008</subfield>
  </datafield>
  <datafield tag="270" ind1=" " ind2=" ">
    <subfield code="a">1941, &#x938;&#x926;&#x93E;&#x936;&#x93F;&#x935; &#x92A;&#x947;&#x920;,&#x92E;&#x93E;&#x921;&#x940;&#x935;&#x93E;&#x932;&#x947; &#x915;&#x949;&#x932;&#x928;&#x940;,</subfield>
    <subfield code="b">&#x92A;&#x941;&#x923;&#x947;</subfield>
    <subfield code="e">30</subfield>
    <subfield code="k">020-24476924</subfield>
  </datafield>
  <datafield tag="300" ind1=" " ind2=" ">
    <subfield code="a">192 &#x92A;&#x943;</subfield>
    <subfield code="b"> </subfield>
    <subfield code="c">22&#x938;&#x947;&#x92E;&#x940; (&#x905;&#x91C;&#x93F;&#x932;&#x94D;&#x926;)</subfield>
  </datafield>
  <datafield tag="490" ind1=" " ind2=" ">
    <subfield code="a"> &#x91C;&#x947;&#x92E;&#x94D;&#x938; &#x92C;&#x949;&#x921; 007</subfield>
  </datafield>
  <datafield tag="650" ind1=" " ind2=" ">
    <subfield code="a">&#x905;&#x902;&#x917;&#x94D;&#x930;&#x947;&#x91C;&#x940; &#x915;&#x93E;&#x926;&#x902;&#x92C;&#x930;&#x940;-&#x92E;&#x930;&#x93E;&#x920;&#x940; &#x92E;&#x947;&#x902; &#x905;&#x928;&#x941;&#x935;&#x93E;&#x926;&#x93F;&#x924;</subfield>
    <subfield code="v">&#x91C;&#x93E;&#x938;&#x941;&#x938;&#x940; &#x924;&#x925;&#x93E; &#x930;&#x939;&#x938;&#x94D;&#x92F;&#x92E;&#x92F; &#x915;&#x925;&#x93E;</subfield>
  </datafield>
  <datafield tag="650" ind1=" " ind2=" ">
    <subfield code="a">English Fiction -Translation in to Marathi </subfield>
    <subfield code="v">Detective and mystries Story</subfield>
  </datafield>
  <datafield tag="700" ind1=" " ind2=" ">
    <subfield code="a">&#x92A;&#x93E;&#x925;&#x930;&#x915;&#x930;, &#x905;&#x936;&#x94B;&#x915; </subfield>
  </datafield>
  <datafield tag="942" ind1=" " ind2=" ">
    <subfield code="2">ddc</subfield>
    <subfield code="c">MR</subfield>
    <subfield code="h">823</subfield>
    <subfield code="m">&#x92B;&#x94D;&#x932;&#x947;&#x92E;&#x93F;&#x902;&#x917;</subfield>
  </datafield>
  <datafield tag="999" ind1=" " ind2=" ">
    <subfield code="c">18112</subfield>
    <subfield code="d">18112</subfield>
  </datafield>
  <datafield tag="952" ind1=" " ind2=" ">
    <subfield code="0">0</subfield>
    <subfield code="1">0</subfield>
    <subfield code="2">ddc</subfield>
    <subfield code="4">0</subfield>
    <subfield code="7">1</subfield>
    <subfield code="8">FIC</subfield>
    <subfield code="a">DBAD</subfield>
    <subfield code="b">DBAD</subfield>
    <subfield code="d">2008-11-06</subfield>
    <subfield code="e">DBAD / PUB</subfield>
    <subfield code="g">150.00</subfield>
    <subfield code="l">0</subfield>
    <subfield code="o">823 &#x92B;&#x94D;&#x932;&#x947;&#x92E;&#x93F;&#x902;&#x917;</subfield>
    <subfield code="p">MR-12578</subfield>
    <subfield code="r">2008-11-06 00:00:00</subfield>
    <subfield code="t">1</subfield>
    <subfield code="v">150.00</subfield>
    <subfield code="w">2008-11-06</subfield>
    <subfield code="y">MR</subfield>
  </datafield>
</record>
